Cultural competence now : 56 exercises to help educators understand and challenge bias, racism, and privilege /

Bibliographic Details
Main Author: Mayfield, Vernita (Author)
Corporate Author: EBSCOhost
Format: eBook
Language:English
Published: Alexandria, VA : ASCD, [2020]
Subjects:
Online Access:Connect to the full text of this electronic book

MARC

Tag First Indicator Second Indicator Subfields
LEADER 00000cam a2200000 i 4500
001 in00004139713
005 20200729074237.0
006 m do | |
007 cr |||||||||||
008 191208s2020 vau ob 001 0 eng
010 |a  2019036092 
020 |a 1416628916  |q electronic book 
020 |a 9781416628910  |q electronic book 
020 |a 9781416628927  |q electronic book 
020 |z 9781416628491  |q paperback 
024 8 |a 99984539647 
035 |a (DLC)ybp301107425 
040 |a NhCcYBP  |c NhCcYBP  |d UtOrBLW 
042 |a pcc 
043 |a n-us--- 
050 4 |a LC1099.38  |b .M39 2020 
082 0 0 |a 370.117  |2 23 
100 1 |a Mayfield, Vernita,  |e author.  |0 http://id.loc.gov/authorities/names/no2019185080 
245 1 0 |a Cultural competence now :  |b 56 exercises to help educators understand and challenge bias, racism, and privilege /  |c Vernita Mayfield. 
264 1 |a Alexandria, VA :  |b ASCD,  |c [2020] 
300 |a 1 online resource. 
336 |a text  |b txt  |2 rdacontent 
337 |a computer  |b n  |2 rdamedia 
338 |a online resource  |b nc  |2 rdacarrier 
504 |a Includes bibliographical references and index. 
505 0 |a The case for cultural competency -- Dismantling inequity : leading the change -- When silence abounds : facilitating race discussions successfully -- Awaken and assess -- Apply and act -- Analyze and align -- Advocate and lead -- The long road ahead. 
588 |a Description based on online resource; title from digital title page (viewed on March 04, 2020). 
500 |a Electronic resource. 
650 0 |a Multicultural education  |z United States.  |0 http://id.loc.gov/authorities/subjects/sh2008107206 
650 0 |a Cultural competence  |z United States. 
650 0 |a Educational equalization  |z United States.  |0 http://id.loc.gov/authorities/subjects/sh2008102489 
655 7 |a Electronic books.  |2 local 
710 2 |a EBSCOhost. 
776 1 8 |i Print version:  |a Mayfield, Vernita.  |t Cultural competence now  |d Alexandria, Virginia : ASCD, [2020]  |z 9781416628491  |w (DLC) 2019036091 
856 4 0 |u http://proxy.library.tamu.edu/login?url=http://search.ebscohost.com/login.aspx?direct=true&scope=site&db=nlebk&db=nlabk&AN=2283311  |z Connect to the full text of this electronic book  |t 0 
955 |a YBP purchased EBSCO DDA e-records 
999 f f |s 6bc11131-edc1-351e-874c-bc7599ae8ff1  |i 3d2eba49-c8c8-31aa-9a67-690b79ee9585  |t 0 
952 f f |a Texas A&M University  |b College Station  |c Electronic Resources  |d Available Online  |t 0  |e LC1099.38 .M39 2020  |h Library of Congress classification 
998 f f |a LC1099.38 .M39 2020  |t 0  |l Available Online